Sepatu kaca
| Main Author: | |
|---|---|
| Format: | Book |
| Published: |
Petaling Jaya :
Pan Earth ,
1992
|
| Subjects: |
MARC
| LEADER | 00000cam a2200000 7i4500 | ||
|---|---|---|---|
| 001 | 0000006953 | ||
| 002 | 000007488 | ||
| 005 | 20000330.0 | ||
| 020 | |a 9679508121 | ||
| 090 | 0 | 0 | |a JF |b RAM |
| 100 | 0 | |a Nur Eda Mohd. Roff | |
| 245 | 1 | 0 | |a Sepatu kaca |c Nur Eda Mohd.Roff |
| 260 | |a Petaling Jaya : |b Pan Earth , |c 1992 | ||
| 300 | |a 36p. : |b ill ; |c 17cm. | ||
| 650 | 0 | 0 | |a Children's stories, Malay |
| 999 | |a 022336 |b BUKU |c PINJAMAN |e PERPUSTAKAAN KOMUNITI PETALING JAYA | ||